Κατάλογος Βιβλιοθηκών Mediterranean College

Mastering FoxPro 2.5 / Special Edition (Record no. 3551)

MARC details
000 -LEADER
fixed length control field 01218cam a22001934a 4500
005 - ΗΜΕΡΟΜΗΝΙΑ ΚΑΙ ΩΡΑ ΤΕΛΕΥΤΑΙΑΣ ΕΝΗΜΕΡΩΣΗΣ
Πεδίο ελέγχου 20250605164118.0
008 - FIXED-LENGTH DATA ELEMENTS--GENERAL INFORMATION
Πεδίο ελέγχου σταθερού μήκους 250528s ||||||||||||||||||||||||d
035 ## - SYSTEM CONTROL NUMBER
System control number 18171
020 ## - ISBN
ISBN 782111785
040 ## - ΠΗΓΗ ΚΑΤΑΛΟΓΟΓΡΑΦΗΣΗΣ
Φορέας πρωτότυπης καταλογογράφησης MC Athens Campus Library
Γλώσσα καταλογογράφησης Ελληνικά, Μοντέρνα (1453-)
Modifying agency MC Athens Campus Library
Κανόνες περιγραφικής καταλογογράφησης AACR2
245 1# - ΤΙΤΛΟΣ ΚΑΙ ΔΗΛΩΣΗ ΥΠΕΥΘΥΝΟΤΗΤΑΣ
Τίτλος Mastering FoxPro 2.5 / Special Edition
260 ## - PUBLICATION, DISTRIBUTION, ETC.
Name of publisher, distributor, etc. Sybex,
Date of publication, distribution, etc. 1993
300 ## - PHYSICAL DESCRIPTION
Extent 960
520 ## - SUMMARY, ETC.
Summary, etc. For the FoxPro novice, this book offers a thorough introduction to using FoxPro for virtually any database application. Introduction, Using FoxPro, Getting Acquainted with FoxPro, Creating a Database Structure, Adding and Editing and Viewing Data, Understanding Indexes and Expressions, Using Queries and Logical Expressions, Generating Reports and Mailing Labels, Adding Power, Using Relational Databases and the View Window and RQBE, Getting the Most from FoxPro's Utilities, Programming with FoxPro, Expanding Your Capabilities through Programming, Understanding the Screen Builder, Write Your Own Simple Menu Application, Using the Menu Builder, Applications and EXE Files, Installing FoxPro on You PC, The FoxPro Utilities, The Essential Reference, Index.
700 1# - ΠΡΟΣΘΕΤΗ ΑΝΑΓΡΑΦΗ--ΦΥΣΙΚΟ ΠΡΟΣΩΠΟ
Personal name Siegel Charles
9 (RLIN) 4454
942 ## - ADDED ENTRY ELEMENTS (KOHA)
Koha item type Books
Holdings
Τύπος τεκμηρίου Βιβλιοθήκη Τρέχουσα τοποθεσία Barcode Αριθμός εισαγωγής Ημερομηνία απόκτησης Ταξιθετικό σύμβολο Αριθμός αντιτύπου Κατάσταση απόσυρσης Κατάσταση χαμένου Κατάσταση κατεστραμμένου Μη δανεισμός Σύνολο δανεισμών Ημερομηνία τελευταίας εμφάνισης Η τιμή ισχύει από
Books MC Athens Campus Library MC Athens Campus Library 9780000035509 2364 05/06/2025 005.75/65 SIE 1           05/06/2025 05/06/2025

MC Athens Campus Library
Πατησίων 94 & Κοδριγκτώνος 13, 104 34
Πελλήνης 8 & Πατησίων 107, 112 51
Τ: +30 210 8899600

MC Thessaloniki Campus Library
Ίωνος Δραγούμη 21, 54625 | Ίωνος Δραγούμη 15, 54625
Τ: +30 2310 287779 – Τ: +30 2314 440300